000
00305nam a22001337a 4500
008
180213b xxu||||| |||| 00| 0 eng d
020
_a
577381001
041
_a
eng
080
_a
338
100
_a
52
101
_a
MEN
245
_a
System management planning and control
_c
Lanford,H.W
942
_2
udc
_c
BK
999
_c
42402
_d
42402